| 000 | 00623nam a2200217 i 4500 | ||
|---|---|---|---|
| 001 | 113276 | ||
| 003 | ES-MaACL | ||
| 005 | 20250818235743.0 | ||
| 007 | t| | ||
| 008 | 070221s1978 sz ||||1| fre d | ||
| 020 | _a2-8287-0006-2 | ||
| 080 | _a22.06 | ||
| 245 | 0 | 0 |
_aNouveau commentaire biblique / _cpublié sous la direction de: D. Guthrie. |
| 260 |
_aSaint-Legier : _bEmmaus, _c[1978] |
||
| 300 |
_aXVI, 1378 p. ; _c23 cm. |
||
| 500 | _aBiblioteca Jacinto MartÃnez Lacalle. | ||
| 700 | 1 |
_aGuthrie, D. _961036 |
|
| 730 | 0 | 0 |
_aBiblia _9119237 |
| 852 |
_aES-MaACL _jE-11592 _bR.139801 |
||
| 999 |
_c113276 _d113276 |
||